Canidés du Monde - Statistiques

Statistiques générales
  • Ce quiz a été pris 41 fois
  • Le résultat moyen est 7 sur 36
Statistiques - réponses
Genre Espèce % Correct
Canis Loup
96%
Lycaon Lycaon
79%
Vulpes Renard roux
54%
Vulpes Fennec
46%
Vulpes Renard arctique
43%
Canis Coyote
39%
Urocyon Renard gris d'Amérique
32%
Canis Chacal doré
21%
Canis Loup d'Éthiopie
21%
Otocyon Otocyon
21%
Chrysocyon Loup à Crinière
18%
Lupullela Chacal à chabraque
14%
Cuon Dhole
14%
Vulpes Renard nain
14%
Lupullela Chacal à flancs rayés
11%
Speothos Chien des buissons
11%
Atelocynus Chien des buissons aux oreilles courtes
11%
Vulpes Renard corsac
11%
Lycalopex Renard d'Aszara
11%
Vulpes Renard de Blanford
11%
Lycalopex Renard de Darwin
11%
Lycalopex Renard de Magellan
11%
Vulpes Renard du Tibet
11%
Lycalopex Renard gris d'Argentine
11%
Vulpes Renard pâle
11%
Vulpes Renard véloce
11%
Nyctereutes Tanuki de Chine
11%
Canis Loup doré
7%
Lycalopex Renard chenu
7%
Vulpes Renard de Rüppell
7%
Vulpes Renard du Bengale
7%
Vulpes Renard du Cap
7%
Lycalopex Renard du désert austral
7%
Urocyon Renard gris insulaire
7%
Nyctereutes Tanuki du Japon
7%
Cerdocyon Renard des savanes
4%
Aucun quiz correspondant
Distribution des résultats
% des personnes avec chaque résultat
Percentile par nombre de réponses
Votre historique - résultats
Vous n’avez pas pris ce quiz